| 000 | 00781nam a2200253Ia 4500 | ||
|---|---|---|---|
| 003 | GCL | ||
| 008 | 140319s9999 xx 000 0 ara d | ||
| 040 |
_aGCL / _cGCL |
||
| 082 | 0 | 4 |
_aق _b932 _bم م |
| 100 | 1 | _aمختار السويفى | |
| 245 | 1 | 0 |
_aمراكب خوفو حقائق لا اكاذيب / _cمختار السويفى |
| 260 |
_a[S.N] : _bالدار المصرية اللبنانية ، _c1989 |
||
| 300 | _a284 | ||
| 490 | _a | ||
| 650 | 0 | 4 | _aالحضارة |
| 650 | 0 | 4 | _aالتاريخ |
| 650 | 0 | 4 | _aالحضارة الفرعونية |
| 650 | 0 | 4 | _aالاثار الفرعونية |
| 650 | 0 | 4 | _aالاثار |
| 650 | 0 | 4 | _aالحفريات الاثرية |
| 650 | 0 | 4 | _aمراكب الشمس |
| 650 | 0 | 4 | _aالتاريخ البحرى |
| 942 |
_2ddc _cBK |
||
| 999 |
_c30637 _d30637 |
||